000 00956nam a2200241Ia 4500
008 130821s2009 xxua gr eng
020 _a1597560790
020 _a9781597560795
040 _aCo-BoUCM
_bspa
041 0 0 _aeng
060 _aWL 340.2
100 1 _aHurtig, Richard
_9168235
245 1 0 _aAugmentative and alternative communication in acute and critical care settings
_cRichard Hurtig, Debora A. Downey
260 _aSan Diego (California, Estados Unidos)
_bPlural Publishing
_c2009
300 _axiv, 209 páginas
_bilustraciones, cuadros, gráficos
_e1 CD-ROM
504 _aIncluye referencias bibliográficas e índice.
650 0 4 _aCuidados intensivos (Medicina)
_912358
650 0 4 _aDispositivos de autoayuda para personas con discapacidades
_913438
650 0 4 _aNeurología
_920299
650 0 4 _aPersonas con discapacidad
_921433
700 1 _aDowney, Debora A.
_9168236
942 _cLIBRO
_a15
_e1
_mH967a
_2NLM
_hWL 340.2
_n0
999 _c72510
_d72510